000
00340nam a22001577a 4500
003
SGT
020
_a
9789390727995
082
_a
150,FEL
100
_a
FELDMAN,ROBERT,S
245
_a
UNDERSTANDING PSYCHOLOGY
250
_a
15TH
260
_a
CHENNAI
_b
MC GRAW HILL
_c
2021
300
_a
604
650
_a
PSYCHOLOGY
942
_2
ddc
_c
BK
_0
22
999
_c
22882
_d
22882